Top 10 most popular apps in 2024 - Statistics

General Stats
  • This quiz has been taken 94 times
  • The average score is 4 of 10
Answer Stats
Rank Answer % Correct
1 Instagram
93%
2 Facebook
88%
3 TikTok
88%
10 Spotify
41%
8 Messenger
38%
5 Telegram
32%
6 Temu
11%
7 CapCut
10%
9 WhatsApp Business
4%
4 WhatsApp Messenger
4%
No matching quizzes found
Score Distribution
Percent of People with Each Score
Percentile by Number Answered
Your Score History
You have not taken this quiz